Moralivm opvscvlorvm Plvtarchi : continens ea, quae post superiorem nostram editionem à uiris doctis è Graeco in Latinum sunt conuersa: quorum catalogum sequenti pagella inuenies tomvs tertivs

Podrobná bibliografia
Hlavný autor: Plutarchos, asi 50-asi 120 (Autor)
Korporatívny autor: Gryphius, Sébastien (Lyon, Francúzsko) (Tlačiar)
Ďalší autori: Gryphius, Sébastien, 1493-1556 (Tlačiar), Longueil, Gilbert de, 1507-1543 (Dedikátor)
Médium: Kniha
Jazyk:latinčina
Fyzický popis:359, [25] s. 8°
Vydavateľské údaje: Lvgdvni Apvd Seb. Gryphivm 1551
Predmet:

MARC

LEADER 00000nam a2200000 a 4500
001 vtls011702212
003 SK-MaSNL
005 20260426000313.0
008 251112 1551 fr 001 0 lat
015 |a SNKHFA1551 
020 |q (viaz.) 
035 |a 9986D3C8-72D2-4161-8931-5108EF5BE85D 
035 |a urn:nbn:sk:snk-am3ha0x 
035 |a urn:nbn:sk:snk-am00cr6d 
040 |a SNKHF  |b slo  |c SNK  |e AACR2 
041 |a lat 
044 |a fr  |c FR 
072 7 |a 17  |x Etika. Morálna filozofia  |2 konspekt 
080 |a 17.02  |2 2011 
080 |a 101  |2 2011 
100 0 |a Plutarchos,  |d asi 50-asi 120  |4 aut  |9 163507 
245 1 0 |a Moralivm opvscvlorvm Plvtarchi : continens ea, quae post superiorem nostram editionem à uiris doctis è Graeco in Latinum sunt conuersa: quorum catalogum sequenti pagella inuenies  |n tomvs tertivs 
260 |a Lvgdvni  |b Apvd Seb. Gryphivm  |c 1551 
300 |a 359, [25] s.  |c 8° 
500 |a Iniciálky s ornamentálnym pozadím v rámčeku na 5 r. 
501 |a Príväzok 1. k: PLUTARCHOS: [Plvtarchi Chaeronei]. - Francofordiae: [Lvgdvni]: [Gryphius, Sebastian], [1551] .  |5 ID 99590/2-3 
504 |a Marginálie, kustódy 
508 |a Ded.: Longueil, Gilbert de; Xylonius, Hermann 
510 4 |a Worldcat 12527317 
546 |a Latinčina  |b Fraktúra  |b Kurzíva 
561 |a Z knižnice františkánov v Kremnici.  |5 SNK ID 99590/2-3, prív. 1 
650 0 7 |a morálka  |2 SNKPH  |9 795 
650 0 7 |a filozofia  |2 SNKPH  |9 793 
700 1 |a Gryphius, Sébastien,  |d 1493-1556  |4 prt  |9 53981 
700 1 |a Longueil, Gilbert de,  |d 1507-1543  |4 dto  |9 53974 
700 1 |a Xylonius, Hermann  |4 hnr  |9 555214 
710 2 |a Františkáni (Kremnica, Slovensko)  |4 fmo  |9 162717 
710 0 |a Gryphius, Sébastien (Lyon, Francúzsko),  |d 1524-1556  |4 prt  |9 305362 
752 |a Francúzsko  |d Lyon 
852 |a snk  |b Františkáni Kremnica  |p ID 99590/2-3, prív. 1 
958 |a ONDV 
999 |c 851968  |d 853898 
952 |t Fr Kr 1036  |a SNK  |b SNK  |c SNK_HF  |y PREZ  |7 0  |p 17A1130175  |o snkID 99590/2-3/prív.1  |i snk2017/16248  |8 5  |0 0  |1 0  |4 0  |d 2017-07-12  |f 1  |l 0  |r 2026-02-24 04:44:56  |w 2026-02-24